00329nam a2200133Ia 45000030006000000080041000060400015000471000023000622450026000852600047001113000006001585460014001640050017001780STCL150530s9999 xx 000 0 und d aSTCLcSTCL aCalicut University aPadya Gadya Samaharam bCalicut university; Calicutc1993aCalicut a0 aMalayalam20220125170721.0